01508cam a22003857a 4500001000500000005001700005020002300022020002000045020001800065020001500083020002300098020002000121040010700141050002300248082001400271100002000285245003000305246001300335260004000348300002300388505000600411520025600417521001800673521001800691650003300709650004500742650002400787650003600811650004000847655003000887906004500917942001500962999001500977952013000992183620231004105306.0 a9780545320597 (hc) a0545320593 (hc) z9780545436519 z0545436516 a9780545320603 (pb) a0545320607 (pb) aBTCTAbengcBTCTAdBIBdJRSdBKXdBDXdSINLBdLF3dIHIdEHHdDLCdYDXCPdNLCdCNRCSdOCLCOdDLCdFISKH00aPZ7.K8369bSh 201204a[Fic]2231 aKorman, Gordon.10aShowoff /cGordon Korman.3 aShow off aNew York :bScholastic Inc.,c2012. a248 pages ;c20 cm aM aAccused of ruining a champion dog's career after an unfortunate incident at a mall show, Luthor is sent to the pound, prompting a skeptical Griffin to hatch a daring plan involving a sinister saboteur, a reclusive trainer, and large supply of red dye.0 a740 bLexile1 aM bRaz-Plus 0aShow dogsvJuvenile fiction. 0aUndercover operationsvJuvenile fiction. 1aShow dogsvFiction. 1aUndercover operationsvFiction. 1aAdventure and adventurersvFiction. 7aAdventure stories.2gsafd a7bcbcccopycatd2encipf20gy-gencatlg 2ddccBKn0 c1836d1836 00102ddc40708JUVFa001b001cTK Oranged2023-10-04l0oKOR 303 PZ7.K8369pFISTK04958r2023-10-04 10:53:01w2023-10-04yBK